Все правители России (С древней Руси) - Statistics

General Stats
  • This quiz has been taken 545 times
  • The average score is 29 of 107
Answer Stats
Годы правления Правитель Столица Вклад % Correct
862-879 Рюрик Новгородский Считается основателем Древнерусского государства и династии ***. Установил контроль над рядом восточнославянских племен.
92%
945-959 Ольга Киевский Провела налоговую реформу, установив "уроки" и "погосты". Начала сближение Руси с Византией.
73%
879-882 Олег Вещий Новгородский Захватил Киев в 882 году, объединив его с Новгородом, что стало основой для Киевской Руси. Успешно совершил походы на Византию, заключив выгодные договоры.
69%
882-912 Олег Вещий Киевский Захватил Киев в 882 году, объединив его с Новгородом, что стало основой для Киевской Руси. Успешно совершил походы на Византию, заключив выгодные договоры.
69%
1019-1054 Ярослав 1 Владимирович "Мудрый" Киевский Принял свод законов "Русская Правда". Поддерживал культурное развитие, строил храмы и школы. Установил международные связи, женив своих детей на европейских монархах.
58%
1548-1574 Иван 4 Васильевич "Грозный" Царство Провел масштабные реформы в начале правления, создал регулярную армию, провел административные и налоговые реформы. Позже его политика ужесточилась: период опричнины, жестокие репрессии, казни. Присоединил Казанское и Астраханское ханства, расширил территорию государства.
58%
1576-1584 Иван 4 Васильевич "Грозный" Царство Провел масштабные реформы в начале правления, создал регулярную армию, провел административные и налоговые реформы. Позже его политика ужесточилась: период опричнины, жестокие репрессии, казни. Присоединил Казанское и Астраханское ханства, расширил территорию государства.
58%
2000-2008 Владимир Владимирович Путин Президент России Пришел к власти в условиях кризиса, начал процесс стабилизации экономики, усилил центральную власть и контроль над СМИ. Провел реформы в различных областях, включая армию и энергетику. Его правление характеризуется укреплением позиций России на международной арене и ростом авторитарных тенденций.
53%
2012-н.в. Владимир Владимирович Путин Президент России Пришел к власти в условиях кризиса, начал процесс стабилизации экономики, усилил центральную власть и контроль над СМИ. Провел реформы в различных областях, включая армию и энергетику. Его правление характеризуется укреплением позиций России на международной арене и ростом авторитарных тенденций.
53%
1917-1922 Владимир Ильич Ульянов "Ленин" Председатель Совета народных комиссаров РСФСР Лидер большевиков, возглавил Октябрьскую революцию 1917 года и установил советскую власть. Провел национализацию промышленности и земли, осуществил переход к плановой экономике. В его правление началась Гражданская война, которую большевики выиграли, утвердив свою власть.
52%
912-945 Игорь Рюрикович Киевский Укреплял власть, но погиб во время сбора дани с древлян, что привело к восстанию. Его смерть вызвала реформы налогообложения при ***
51%
1922-1953 Иосиф Виссарионович Джугашвили "Сталин" Генеральный секретарь ЦК КПСС Применял репрессивные методы для укрепления своей власти, организовал Голодомор и Большой террор. Провел индустриализацию и коллективизацию, что привело к значительным изменениям в экономике, но также к огромным человеческим потерям. Вторая мировая война закончилась победой СССР, *** эпоха оставила глубокий след в истории страны.
51%
1689-1725 Петр 1 Алексеевич "Великий" Империя Провел масштабные реформы, модернизировал армию и флот, административную систему, экономику и культуру. Одержал победу в Северной войне, что позволило России выйти к Балтийскому морю. Провозгласил Россию империей и был коронован как император.
50%
1762-1796 Екатерина 2 Алексеевна "Великая" Империя Одна из самых выдающихся правителей России, провела множество реформ в области управления, экономики, образования. Расширила территорию России, присоединив Крым, части Польши и Кавказа. Её правление ознаменовало Золотой век Российской империи.
50%
2008-2012 Дмитрий Анатольевич Медведев Президент России Оставил смешанное наследие. С одной стороны, он стал символом модернизации и попыток обновления, с другой — его правление сопровождалось экономическими трудностями и неудачами в проведении реформ.
49%
1894-1917 Николай 2 Александрович Империя Последний российский император. Его правление ознаменовано социальными и политическими кризисами, включая русско-японскую войну (1904–1905), которая закончилась поражением, и Первую мировую войну, которая привела к большому количеству жертв и нехватке ресурсов. В 1905 году произошло первое революционное движение, завершившееся учреждением Государственной думы. В 1917 году после Февральской революции отрекся от престола и был арестован, позже расстрелян с семьей в 1918 году.
49%
1953-1964 Никита Сергеевич Хрущев Генеральный секретарь ЦК КПСС Начал период «оттепели», осуждение культа личности ***, пытался провести экономические реформы и децентрализацию управления. Поддерживал мирное сосуществование с Западом. Вёл космическую гонку, в том числе отправил Юрия Гагарина в космос. Его правление завершилось из-за политической борьбы внутри партии.
48%
1328-1340 Иван 1 Данилович "Калита" Московский Укрепил Москву, получив ярлык на великое княжение. Сохранил хорошие отношения с Ордой, благодаря чему Москва стала центром объединения русских земель.
48%
1725-1727 Екатерина 1 Алексеевна Скавронская Империя Вдова ***, продолжила некоторые его начинания, но ее правление было кратким. При ней была создана Верховный тайный совет, который частично ограничивал самодержавие.
48%
1801-1825 Александр 1 Павлович "Благословенный" Империя Проводил либеральные реформы в начале правления, затем стал более консервативным. Победил Наполеона в Отечественной войне 1812 года. Присоединил значительные территории в Европе, став одним из лидеров Священного союза. Его смерть ознаменовала начало периода декабристских восстаний.
48%
1825-1855 Николай 1 Павлович Империя Жесткий консерватор, подавил восстание декабристов в 1825 году. Укреплял абсолютизм и проводил политику жесткой централизации. Его правление сопровождалось экономическими трудностями и поражением в Крымской войне, что показало слабость Российской империи.
48%
1855-1881 Александр 2 Николаевич "Освободитель" Империя Провел ряд масштабных реформ, включая отмену крепостного права (1861 год), судебную и земскую реформы. Совершил модернизацию армии и экономики. Его правление закончилось трагически — он был убит народовольцами.
48%
1113-1125 Владимир Всеволодович "Мономах" Киевский Один из самых выдающихся правителей, укрепил государственность. Снизил разногласия между князьями, заключил мир с половцами и издал Устав *** ***, регулировавший внутренние дела.
47%
1991-1999 Борис Николаевич Ельцин Президент России Провел экономические реформы, переход к рыночной экономике, что привело к резким социальным изменениям и экономическим трудностям. Поддерживал демократические преобразования. В 1993 году произошел конфликт с парламентом, который завершился штурмом Белого дома. В 1999 году неожиданно ушел в отставку, передав власть ***.
47%
1462-1505 Иван 3 Васильевич Московский Завершил объединение русских земель вокруг Москвы, освободил Русь от зависимости от Золотой Орды (стояние на Угре, 1480 год). Ввел понятие самодержавия, начал процесс централизации власти, заложил основы Московского государства.
47%
980-1015 Владимир Святославович "Святой" Киевский Крещение Руси в 988 году, что стало ключевым событием в истории. Положил конец междоусобицам, укрепил государство.
46%
1964-1982 Леонид Ильич Брежнев Генеральный секретарь ЦК КПСС Период стабильности, но также застоя. Провел некоторые экономические реформы, поддерживал социальные программы. Подписал Договор о запрещении ядерных испытаний (1963) и Хельсинкский акт (1975), но столкнулся с экономическими проблемами, что привело к падению уровня жизни населения.
46%
1985-1991 Михаил Сергеевич Горбачев Генеральный секретарь ЦК КПСС, Президент СССР Запустил реформы «гласности» и «перестройки», стремясь обновить социалистическую систему и улучшить экономику. Однако реформы привели к экономическим трудностям и политической нестабильности. В 1991 году СССР распался.
46%
1727-1730 Петр 2 Алексеевич Империя Внук ***, его правление было коротким и нестабильным. Власть фактически находилась в руках аристократии, особенно князей Долгоруких. Умер в 14 лет от оспы, не оставив наследников, что привело к кризису престолонаследия.
46%
1761-1762 Петр 3 Федорович Империя Был внуком *** и пришел к власти после смерти ***. Прекратил Семилетнюю войну и вернул Пруссии захваченные территории, что вызвало недовольство. Был свергнут и убит в результате переворота, организованного его супругой ***.
46%
1881-1894 Александр 3 Александрович "Миротворец" Империя Став императором после убийства отца, проводил политику контрреформ, направленную на укрепление самодержавия. Упразднил реформы ***, сосредоточил власть в руках царя и усилил репрессии против революционных движений. Поддержал развитие экономики и инфраструктуры, что привело к промышленному росту.
46%
959-972 Святослав Игоревич Киевский Вёл успешные войны с хазарами, волжскими булгарами и византийцами, но был убит печенегами во время возвращения с похода.
43%
1353-1359 Иван 2 Иванович "Красный" Московский Сын ***, правил в период относительного мира. Умер рано, оставив малолетнего сына *** на престоле.
43%
1982-1984 Юрий Владимирович Андропов Генеральный секретарь ЦК КПСС Провел незначительные экономические реформы и борьбу с коррупцией, но не успел реализовать значительные изменения из-за своей болезни и скорой смерти. Пытался обновить партию и систему, но его правление было кратким.
41%
1984-1985 Константин Устинович Черненко Генеральный секретарь ЦК КПСС Поддерживал прежние партийные установки, его правление было также кратким и в значительной степени символизировало продолжающийся застой в СССР. Умер через год после назначения.
41%
1598-1605 Борис Федорович Годунов Царство Был избран на царство Земским собором после смерти ***. Пытался укрепить страну, но столкнулся с неурожаями и голодом, что вызвало недовольство населения. Появление Лжедмитрия I привело к смуте.
40%
1605-1606 Лжедмитрий 1 (Григорий Отрепьев) Царство Заявил, что является чудом спасшимся сыном *** — царевичем ***. При поддержке польских войск захватил престол, но его политика и покровительство иностранцам вызвали недовольство. Был убит в результате заговора бояр.
40%
1149-1151 Юрий Владимирович "Долгорукий" Киевский Основал Москву (первое упоминание в 1147 году), укрепил влияние Владимиро-Суздальского княжества. Его борьба за Киев привела к временной консолидации территорий.
38%
1155-1157 Юрий Владимирович "Долгорукий" Киевский Основал Москву (первое упоминание в 1147 году), укрепил влияние Владимиро-Суздальского княжества. Его борьба за Киев привела к временной консолидации территорий.
38%
1252-1263 Александр Ярославич "Невский" Владимирский Известен победами над шведами и немцами (Невская битва, Ледовое побоище). Смог наладить отношения с Ордой, что позволило сохранить независимость русских земель.
38%
1741-1761 Елизавета Петровна Империя Дочь ***, пришла к власти через дворцовый переворот. Восстановила Петровские традиции, укрепила армию и флот. Вела успешные войны против Швеции и Пруссии. Упразднила «бироновщину» и отстранила немцев от ключевых постов.
38%
1740-1741 Иван 6 Антонович Империя Был провозглашен императором в младенчестве, при регентстве ***. Его правление фактически длилось всего год, когда его свергли сторонники ***. Позднее *** был заключен в тюрьму и убит при попытке освобождения.
36%
1645-1676 Алексей Михайлович "Тишайший" Царство Проводил реформы, направленные на централизацию власти и улучшение управления. Присоединил Левобережную Украину к России (1654). Его правление также связано с восстаниями (Соляной бунт, Медный бунт) и церковным расколом из-за реформ патриарха Никона.
34%
1606-1610 Василий Иванович Шуйский Царство Был избран царем после свержения ***. Столкнулся с многочисленными восстаниями и иностранными вторжениями. Не смог справиться с кризисом и был свергнут, став последним из Рюриковичей на русском престоле.
33%
1432-1446 Василий 2 Васильевич "Темный" Московский Прошёл через множество конфликтов за престол ("Великая феодальная война"), в ходе которых ослеплен (отсюда прозвище "***"). Укрепил власть Москвы, несмотря на сложный период междоусобиц.
33%
1447-1462 Василий 2 Васильевич "Темный" Московский Прошёл через множество конфликтов за престол ("Великая феодальная война"), в ходе которых ослеплен (отсюда прозвище "***"). Укрепил власть Москвы, несмотря на сложный период междоусобиц.
33%
1368-1389 Дмитрий Иванович "Донской" Московский Победил монголов в Куликовской битве (1380), что стало первым крупным поражением Орды. Укрепил авторитет Москвы, подготовив её к роли объединителя русских земель.
32%
1015-1019 Святополк 1 Владимирович "Окаянный" Киевский Известен убийством своих братьев *** и ***, что привело к прозвищу "***". Проиграл борьбу за престол *** ***.
32%
1389-1425 Василий 1 Дмитриевич Московский Поддерживал мир с Ордой, заключил брак с литовской княжной ***, что способствовало укреплению Москвы. Столкнулся с проблемой территориальных споров с Литвой.
30%
1505-1533 Василий 3 Иванович Московский Продолжил политику отца по объединению русских земель, присоединил Псков, Смоленск и Рязань к Москве. Укрепил государственную власть и поддержал развитие экономики и культуры.
30%
972-980 Ярополк 1 Святославович Киевский Начал междоусобную войну с братьями (*** и ***). Убит в борьбе за власть с ***.
29%
1613-1645 Михаил Федорович "Кроткий" Царство Избран Земским собором, начал восстановление страны после Смуты. Стабилизировал политическую ситуацию, восстановил экономику, вернул часть утраченных территорий. Его правление ознаменовало начало новой династии.
28%
1176-1212 Всеволод 3 Юрьевич "Большое гнездо" Владимирский Один из самых могущественных князей Северо-Восточной Руси, укрепил и расширил свои земли, построил мощную оборону и поднял авторитет княжества.
28%
1730-1740 Анна Ивановна Империя Пришла к власти благодаря поддержке Верховного тайного совета, но вскоре разогнала его и укрепила самодержавие. Её правление ознаменовано засильем немцев при дворе и началом эпохи «бироновщины», усилением крепостного права.
26%
1682-1689 Софья Алексеевна Царство Фактически управляла страной, заключила Нерчинский договор с Китаем (1689), но потеряла власть после стрелецкого мятежа, когда Петр взял правление в свои руки. Была отправлена в монастырь.
25%
1917 Александр Федорович Керенский Временное правительство
25%
1796-1801 Павел Петрович Империя Сын ***, пытался провести реформы, ограничить власть дворянства и изменить военную структуру. Был непредсказуемым правителем, что привело к его свержению и убийству в результате дворцового переворота.
24%
1584-1598 Федор Иванович "Блаженный" Царство Слабовольный и болезненный правитель, последний из Рюриковичей. Фактически страной управлял его шурин ***. Смерть *** без наследников привела к началу Смутного времени.
23%
1676-1682 Федор Алексеевич Царство Пытался провести административные реформы, отменил местничество (1682), что способствовало улучшению государственного управления. Умер молодым, не оставив наследников.
23%
1125-1132 Мстислав Владимирович "Великий" Киевский Последний князь, удерживавший Киевскую Русь как единое государство. После его смерти началась эпоха феодальной раздробленности.
19%
1610 "Семибоярщина" Царство Период безвластия и кризиса, когда страной управлял ***. Фактически передали контроль над Москвой польским войскам. В это время разразилось польское интервенционное нашествие.
18%
1533-1538 Елена Васильевна Глинская Московский Проводила реформы в области экономики (монетная реформа) и укрепляла центральную власть. Ввелась единая денежная система. Ее правление ознаменовано борьбой с боярскими кланами за контроль над престолом.
16%
1169-1174 Андрей Юрьевич Боголюбский Владимирский Перенёс столицу из Киева во Владимир, способствовал расцвету культуры и архитектуры. Был убит в результате заговора.
14%
1238-1246 Ярослав 2 Всеволодович Владимирский Принял титул великого князя после гибели брата *** был вынужден признать верховную власть монголов, отправился в Золотую Орду и был отравлен там.
14%
1605 Федор Борисович Годунов Царство Сын ***, правил всего несколько месяцев. После убийства отца не смог удержать власть и был свергнут сторонниками ***. Убит вместе с семьей.
13%
1054-1068 Изяслав 1 Ярославович Киевский Вступил в междоусобные войны с братьями за власть. Потерял трон, несколько раз возвращался на него с помощью союзников.
13%
1069-1073 Изяслав 1 Ярославович Киевский Вступил в междоусобные войны с братьями за власть. Потерял трон, несколько раз возвращался на него с помощью союзников.
13%
1077-1078 Изяслав 1 Ярославович Киевский Вступил в междоусобные войны с братьями за власть. Потерял трон, несколько раз возвращался на него с помощью союзников.
13%
1078-1093 Всеволод 1 Ярославович Киевский Продолжил политику объединения земель. Возвращал власть над Киевом, защищал земли от половцев, однако не всегда успешно.
13%
1093-1113 Святополк 2 Изяславович Киевский Пытался справляться с нападениями половцев, но столкнулся с мятежами внутри страны. Его правление ознаменовано усилением раздробленности.
11%
1132-1139 Ярополк 2 Владимирович Киевский Пытался удержать единство Руси, но столкнулся с мятежами. Его правление считается началом раздробленности.
9%
1139-1146 Всеволод 2 Ольгович Новгород-Северский Киевский Продолжал борьбу с другими князьями. Не смог укрепить центральную власть, что привело к росту числа независимых княжеств.
9%
1263-1272 Ярослав 3 Ярославич Владимирский После смерти *** боролся за власть, признал зависимость от Орды. Его правление было относительно спокойным.
9%
1610-1612 Владислав 4 Сигизмундович Ваза "Польский" Царство Был приглашен на престол ***, но не короновался. Русское общество поднялось против польского контроля, что привело к освободительной борьбе и окончанию Смутного времени.
9%
1212-1216 Юрий 2 Всеволодович Владимирский Сражался с монголами, погиб в битве на реке Сити в 1238 году, что ознаменовало начало монгольского владычества на Руси.
8%
1218-1238 Юрий 2 Всеволодович Владимирский Сражался с монголами, погиб в битве на реке Сити в 1238 году, что ознаменовало начало монгольского владычества на Руси.
8%
1146-1149 Изяслав 2 Мстиславович Владимиро-Волынский Киевский Активно воевал за Киев, стремился сохранить единое государство, но столкнулся с сильной оппозицией. Стабилизировал ситуацию в Киеве на некоторое время.
7%
1151-1154 Изяслав 2 Мстиславович Владимиро-Волынский Киевский Активно воевал за Киев, стремился сохранить единое государство, но столкнулся с сильной оппозицией. Стабилизировал ситуацию в Киеве на некоторое время.
7%
1073-1076 Святослав Ярославович Киевский Пришёл к власти в результате борьбы с братьями. Его правление было недолгим, но мирным, умер во время подготовки к походу на Византию.
6%
1249-1252 Андрей Ярославич Владимирский Признал зависимость от Золотой Орды, что позволило удержать относительную стабильность, но столкнулся с конкуренцией братьев за власть.
6%
1446-1447 Дмитрий Юрьевич "Шемяка" Московский Захватил власть у ***, воспользовавшись междоусобицами. Его правление было кратким и сопровождалось жестокой борьбой за престол. В итоге был свергнут и отправлен в изгнание.
6%
1157-1159 Изяслав 3 Давидович Черниговский Киевский Вел борьбу за Киевский престол, его правление было нестабильным и сопровождалось постоянными конфликтами.
6%
1175 Ярополк 3 Ростиславович Владимирский Был приглашён на княжение, но вскоре свергнут. Его правление ознаменовано борьбой за власть между династиями.
6%
1317-1322 Юрий 3 Данилович Владимирский Пытался усилить позиции Москвы, женился на сестре хана Узбека, что дало ему ярлык на княжение. Однако вскоре проиграл борьбу Твери и потерял трон.
6%
1340-1353 Семен Иванович "Гордый" Московский Сохранил политику отца ***, поддерживал мир с Ордой, увеличивал авторитет Москвы. Умер во время эпидемии чумы.
5%
1146 Игорь Ольгович Киевский Правил лишь несколько месяцев, был свергнут в результате народного восстания.
4%
1246-1247 Святослав Всеволодович Владимирский Укрепил позиции Черниговского княжества, активно участвовал в междоусобных войнах. После его смерти Чернигов начал терять влияние.
4%
1305-1317 Михаил Ярославич "Святой" Тверской Владимирский Стремился укрепить Тверь как главный центр русских земель. Был казнен в Орде по доносу ***, стал святым мучеником.
4%
1326-1327 Александр Михайлович Тверской Владимирский Пытался укрепить Тверское княжество, но его восстание против Орды привело к разгрому Твери. Убит в Орде в 1339 году вместе с сыном Федором.
4%
1359-1368 Алексей Федорович Бяконт Московский Умело управлял Москвой, способствовал её укреплению и защите. Поддерживал союзы с другими княжествами для защиты от Литвы и Орды.
4%
1068-1069 Всеслав Брячиславович Полоцкий Киевский Известен как колдун и маг. Его короткое правление в Киеве закончилось возвращением на *** престол. Продолжал борьбу с киевскими князьями за независимость ***.
3%
1174-1175 Михаил Юрьевич Владимирский Кратковременное правление, характеризующееся внутренними смутами и борьбой за власть с родственниками.
3%
1216-1218 Константин Всеволодович "Добрый" Владимирский Недолго правил, передал трон брату ***. Известен своей справедливостью и мудростью.
3%
1154-1155 Ростислав Мстиславович Смоленский Киевский Укрепил Смоленское княжество, стремился поддерживать порядок на Руси, выступал против междоусобных войн.
2%
1159-1167 Ростислав Мстиславович Смоленский Киевский Укрепил *** княжество, стремился поддерживать порядок на Руси, выступал против междоусобных войн.
2%
1167-1169 Мстислав Изяславович Владимиро-Волынский Киевский Последний Великий Киевский князь. Наибольшего успеха добился в борьбе против половцев, разорявших южнорусские земли. В 1168 году он предпринял удачный поход, разгромил половецкое войско и освободил множество русских пленных. Эта блестящая победа на некоторое время обезопасила южные рубежи Руси и укрепила авторитет ***.
2%
1175-1176 Михаил Юрьевич Владимирский Кратковременное правление, характеризующееся внутренними смутами и борьбой за власть с родственниками.
2%
1247-1248 Михаил Ярославич "Храбрый" Владимирский Пытался укрепить свою власть в условиях давления монголов, но без значительных успехов. Правил в трудный период татаро-монгольского ига.
2%
1272-1276 Василий Ярославич Костромской Владимирский Продолжил политику брата ***, стремился удерживать мирные отношения с Ордой, но значительных достижений не достиг.
2%
1283-1284 Андрей Александрович Городецкий Владимирский Брат ***, также дважды занимал престол, поддерживал мир с Ордой, участвовал в междоусобной борьбе с другими князьями.
2%
1293-1304 Андрей Александрович Городецкий Владимирский Брат ***, также дважды занимал престол, поддерживал мир с Ордой, участвовал в междоусобной борьбе с другими князьями.
2%
1322-1326 Дмитрий Михайлович "Грозные очи" Владимирский Продолжил борьбу Твери за лидерство с Москвой. Был казнен в Орде после интриг ***, что усилило напряжение между Тверью и Москвой.
2%
1538-1548 Бояре Шуйские, Бельские Московский Период хаоса и междоусобиц, известный как "Боярское правление". Власть переходила из рук в руки, что ослабило государство перед началом правления ***.
2%
1574-1576 Семен Бекбулатович Касимовский Царство *** временно передал ему титул царя, оставаясь фактическим правителем. Эта мера, вероятно, была частью политической игры ***.
2%
1276-1283 Дмитрий Александрович Переяславский Владимирский Правил дважды, ведя борьбу с братом *** за великокняжеский престол. Установил временную стабилизацию отношений с Ордой.
1%
1284-1293 Дмитрий Александрович Переяславский Владимирский Правил дважды, ведя борьбу с братом *** за великокняжеский престол. Установил временную стабилизацию отношений с Ордой.
1%
1425-1432 Софья Витовтовна Литовская Московский Сопровождала своего сына *** в период сложной борьбы за власть, известной как "Великая феодальная война". Укрепляла московский дом, но не смогла предотвратить начало междоусобий.
1%
No matching quizzes found
Score Distribution
Percent of People with Each Score
Percentile by Number Answered
Your Score History
You have not taken this quiz